000 03100nam0a2200361 4500
001 RU\NLR\BIBL_A\012154630
005 20260406092315.0
035 _a(NLR Aleph) 012154630
090 _a12161498
_c12161498
100 _a20191204d1898 |||y0rusy50 ca
101 0 _arus
102 _aRU
105 _ay z 000zy
200 1 _aГосподину Управляющему Морским Министерством
_fГосударственный Контроль. Департамент Военной и Морской Отчетности. 27 марта 1898 года. № 1233
210 _a[С.-Петербург
_cб. и.]
_d1898
215 _a5 с.
_d34
300 _aТекст начинается словами: На отношения от 14 и 19-го сего Марта за №№ 4133 и 4483, имею честь уведомить Ваше Превосходительство, что с моей стороны не встречается препятствия к утверждению в установленном порядке выработанного в Морском Министерстве положения о машинной школе Черноморского флота ...
300 _aВ конце текста: Подписал: Государственный Контролер, Сенатор Т. Филиппов и скрепил: Генерал-Контролер А. Васильев. С подлинным верно: Старший Делопроизводитель Пржибытек
309 _aБез тит. л. и обл.
309 _aКопия
327 1 _aВ изд. также включены др. документы, подписанные разными лицами
517 1 _aНа отношения от 14 и 19-го сего Марта за №№ 4133 и 4483, имею честь уведомить Ваше Превосходительство, что с моей стороны не встречается препятствия к утверждению в установленном порядке выработанного в Морском Министерстве положения о машинной школе Черноморского флота ...
601 0 2 _aЧерноморский флот
_bМашинная школа
_cдо 1917 г.
_jДокументы и материалы
_92469604
_3RU\NLR\AUTH\6601683897
686 3 _aЦ4,8(2)396.2,011
702 1 _4720
_8rus
_7ca
_aФилиппов
_bТ. И.
_cгос. деятель, писатель-славянофил
_f1825-1899
_gТертий Иванович
_3RU\NLR\AUTH\7763003
_945933
702 1 _4720
_8rus
_7ca
_aВасильев
_bА. В.
_cписатель, гос. и обществ. деятель
_f1851-1929
_gАфанасий Васильевич
_3RU\NLR\AUTH\7757401
_940333
702 1 _aПржибытек
_bА. А.
_gАлександр Александрович
_4720
852 _aNLR
_j135/294-325(44)
942 _cBOOK
980 _aNB